Visualizzazione normale
Vista MARC
- Ancona L., De Bernart M., Calvi G., Collicelli C., Di Nicola F., Donati P., Golini A.,
di Personal Name
Records bibliografici associati: 1
001 - CONTROL NUMBER
- control field: 62852
003 - CONTROL NUMBER IDENTIFIER
- control field:
005 - DATE AND TIME OF LATEST TRANSACTION
- control field: 20251204113835.0
008 - FIXED-LENGTH DATA ELEMENTS
- fixed length control field: 251204|| aca||aabn | a|a d
040 ## - CATALOGING SOURCE
- Original cataloging agency:
- Transcribing agency:
100 ## - HEADING--PERSONAL NAME
- Personal name: Ancona L., De Bernart M., Calvi G., Collicelli C., Di Nicola F., Donati P., Golini A.,
- Personal name: Lundari C., Marta E., Moro A.C., Padiglione V., Pontalti C., Scabini E., Silvestrini A
670 ## - SOURCE DATA FOUND
- Source citation: Work cat.: ()213610: Donati Pierpaolo (a cura di) 59326, Quarto rapporto CISF sulla famiglia in Italia, 1995